000
00180 a2200085 4500
041
_a
eng
100
_a
RH Fuller
245
_a
Todd and the talking piąta talk sacrifice
942
_c
BK
999
_c
10160
_d
10160